LEADER 01363nam0 22003133i 450 001 SUN0086056 005 20111109031643.123 010 $a88-7959-124-X 100 $a20111109d1997 |0itac50 ba 101 $aita 102 $aIT 105 $a|||| ||||| 200 1 $aChimica moderna$fDavid W. Oxtoby, Norman H. Nachtrieb 205 $aNapoli : Edises$b1997 210 $aXV$d844$d[89] p. : ill. ; 26 cm 215 $aTit. orig.: Principles of Modern Chemistry. 620 $dNapoli$3SUNL000005 700 1$aOxtoby$b, David W.$3SUNV035821$09461 701 1$aGillis$b, H. Pat$3SUNV070565$0723621 701 1$aCampion$b, Alan$3SUNV070566$0315446 712 $aEdiSES$3SUNV000139$4650 801 $aIT$bSOL$c20181109$gRICA 912 $aSUN0086056 950 $aUFFICIO DI BIBLIOTECA DEI DIPARTIMENTI DI INGEGNERIA$d05 CONS E IV 083 $e05 5802 950 $aUFFICIO DI BIBLIOTECA DEI DIPARTIMENTI DI INGEGNERIA$d05 CONS E IV 085 $e05 5801 995 $aUFFICIO DI BIBLIOTECA DEI DIPARTIMENTI DI INGEGNERIA$bIT-CE0100$h5802$kCONS E IV 083$op$qa 995 $aUFFICIO DI BIBLIOTECA DEI DIPARTIMENTI DI INGEGNERIA$bIT-CE0100$h5801$kCONS E IV 085$op$qa 996 $aChimica moderna$91417806 997 $aUNICAMPANIA